| 000 | 02142nam a2200421 i 4500 | ||
|---|---|---|---|
| 001 | ebr10795909 | ||
| 003 | CaPaEBR | ||
| 006 | m o d | ||
| 007 | cr cn||||||||| | ||
| 008 | 091102t20092009ne a ob 001 0 eng d | ||
| 020 | _a9781607505181 (e-book) | ||
| 020 | _z9781607500827 | ||
| 040 |
_aCaPaEBR _beng _erda _epn _cCaPaEBR |
||
| 035 | _a(OCoLC)861796265 | ||
| 050 | 1 | 4 |
_aK212 _b.J874 2009eb |
| 111 | 2 |
_aJURIX 2009 _d(2009 : _cErasmus University Rotterdam) |
|
| 245 | 1 | 0 |
_aLegal knowledge and information systems : _bJURIX 2009, the twenty-second annual conference / _cedited by Guido Governatori. |
| 246 | 3 | 0 | _aJURIX 2009, the twenty-second annual conference |
| 264 | 1 |
_aAmsterdam ; _aWashington, DC : _bIOS Press, _c[2009] |
|
| 264 | 4 | _c�2009 | |
| 300 |
_a1 online resource (204 pages) : _billustrations. |
||
| 336 |
_atext _2rdacontent |
||
| 337 |
_acomputer _2rdamedia |
||
| 338 |
_aonline resource _2rdacarrier |
||
| 440 | 0 |
_aFrontiers in artificial intelligence and applications, _x0922-6389 ; _vv. 205 |
|
| 504 | _aIncludes bibliographical references and indexes. | ||
| 588 | _aDescription based on print version record. | ||
| 590 | _aElectronic reproduction. Palo Alto, Calif. : ebrary, 2013. Available via World Wide Web. Access may be limited to ebrary affiliated libraries. | ||
| 650 | 0 |
_aArtificial intelligence _vCongresses. |
|
| 650 | 0 |
_aInformation storage and retrieval systems _xLaw _vCongresses. |
|
| 650 | 0 |
_aLaw _xMethodology _xAutomation _vCongresses. |
|
| 655 | 0 | _aElectronic books. | |
| 700 | 1 | _aGovernatori, Guido. | |
| 710 | 2 | _aFoundation for Legal Knowledge Systems. | |
| 776 | 0 | 8 |
_iPrint version: _aJURIX 2009 (2009 : Erasmus University Rotterdam) _tLegal knowledge and information systems : JURIX 2009, the twenty-second annual conference. _dAmsterdam ; Washington, DC : IOS Press, [2009] _hix, 193 pages : illustrations ; 25 cm. _kFrontiers in artificial intelligence and applications ; v. 205. _z9781607500827 _w(DLC) 2009940555 |
| 797 | 2 | _aebrary. | |
| 856 | 4 | 0 |
_uhttp://site.ebrary.com/lib/rucke/Doc?id=10795909 _zAn electronic book accessible through the World Wide Web; click to view |
| 999 |
_c138476 _d138476 |
||